000 00287nam a22001337a 4500
008 170905b xxu||||| |||| 00| 0 eng d
020 _a9780312187750
041 _aeng
080 _a070
100 _a40
101 _aMED
245 _aWHILW WAITING
_cVERRILLI.G.E
942 _2udc
_cBK
999 _c26154
_d26154